00573cam a2200217 a 450000500170000000800410001701000150005802000260007303500130009903700130011204000130012508200110013810000230014924500890017226000330026127000300029430000220032465000030034665100030034970000030035220031230185550.0940308s1993 enkab b 001 0 eng  aENG-101712 c180.00a9788190852678 aEN-85245 bDBAD/PUB adplbEng a883.081 aNarain, Usha Kiran10aVillage reality :cby Usha Kiran Narainbsociology of Phanishwarnath Renu's novels / aPatnabAMS Publicationc2010 aKankarbaghbPatnae8000201 a114p.c22cm (pbk) 0